000 01276nam a2200337 i 4500
003 EG-GICUC
005 20260209193911.0
008 260209s2012 ua ||||fr|||| 00| 0 ara d
017 _a2011/21437
020 _a9789770469019
040 _a EG-GICUC
_bara
_c EG-GICUC
_d EG-GICUC
_erda
041 0 _aara
082 0 4 _a343.425
_bر أ . ع
_221
092 0 4 _221
099 _aLaw1 10 343.425 ر أ . ع 2012 1006559
100 0 _aرأفت جوهري رمضان
_eمؤلف.
245 1 2 _aالعمل الإعلامي والخطورة الإجرامية /
_cالدكتور رأفت جوهري رمضان.
264 1 _aالقاهرة :
_bدار النهضة العربية،
_c2012.
300 _a304صفحة ؛
_c24 سم.
_bإيضاحيات، صور، مثيليات ؛
336 _2rda content
_atext
337 _2rda media
_aComputer
338 _2rda carrier
_aOnline Resource
504 _aيشتمل على ارجاعات ببليوجرافية.
546 _aالنص باللغة العربية
650 1 4 _aالتشريعات المتعلقة بالصحافة
_2qrmak
650 1 4 _aالقانون الجنائي
_2qrmak
651 1 _2qrmak
856 4 0 _uhttps://fll.law.cu.edu.eg/fulltext/bks/B10-06559.pdf
905 _a18
942 _2ddc
_n0
_cBK
_e21
999 _c62075
_d62075